[Event "Buenos Aires Carnival op"]
[Site "Buenos Aires"]
[Date "2023.02.21"]
[Round "7"]
[White "Romero Araya, Diego Alonso"]
[Black "Ostoich, Mariano Ivan"]
[Result "0-1"]
[WhiteElo "2222"]
[BlackElo "2113"]
[PlyCount "62"]
[EventDate "2023.02.18"]
[EventType "swiss"]
[EventRounds "7"]
[EventCountry "ARG"]
[SourceTitle "EXT 2024"]
[Source "ChessBase"]
[SourceDate "2023.10.10"]
[SourceVersion "1"]
[SourceVersionDate "2023.10.10"]
[SourceQuality "1"]

1. e4 c5 2. Nf3 g6 3. d4 cxd4 4. Nxd4 Nc6 5. Nc3 Bg7 6. Be3 Nf6 7. Bc4 Qa5 8. 0-0 0-0 9. Bb3 d6 10. h3 Bd7 11. Nde2 Rfc8 12. Nf4 Qd8 13. Qe2 Na5 14. Rfd1 Rxc3 15. bxc3 Nxe4 16. Qf3 Nxb3 17. axb3 Nxc3 18. Re1 Bc6 19. Qg4 e5 20. Ne2 e4 21. Rxa7 Rxa7 22. Bxa7 f5 23. Qg3 Nxe2+ 24. Rxe2 Be5 25. Qe3 f4 26. Qd2 Qf6 27. Qb4 f3 28. Rxe4 Qg5 29. Qc4+ d5 30. Rg4 Qc1+ 31. Qf1 Bh2+ 0-1

[Event "Buenos Aires Carnival op"]
[Site "Buenos Aires"]
[Date "2023.02.20"]
[Round "4"]
[White "Dolezal, Cristian"]
[Black "Romero Araya, Diego Alonso"]
[Result "1/2-1/2"]
[WhiteElo "2354"]
[BlackElo "2222"]
[PlyCount "192"]
[EventDate "2023.02.18"]
[EventType "swiss"]
[EventRounds "7"]
[EventCountry "ARG"]
[SourceTitle "EXT 2024"]
[Source "ChessBase"]
[SourceDate "2023.10.10"]
[SourceVersion "1"]
[SourceVersionDate "2023.10.10"]
[SourceQuality "1"]

1. c4 c6 2. d4 d5 3. cxd5 cxd5 4. Bg5 Nc6 5. Nc3 Qb6 6. Qd2 e6 7. e3 Be7 8. Bxe7 Ngxe7 9. Bd3 0-0 10. Nge2 e5 11. 0-0 f6 12. Rac1 Bg4 13. f3 Bh5 14. Na4 Qb4 15. Qc2 Bg6 16. Bxg6 hxg6 17. a3 Qd6 18. Qb3 b6 19. Nac3 Na5 20. Qa2 Kh7 21. Rfd1 Rfd8 22. e4 dxe4 23. Nxe4 Qd5 24. Qxd5 Rxd5 25. dxe5 Rxe5 26. Rc7 Nac6 27. Rd6 Kh6 28. Rcxc6 Nxc6 29. Rxc6 f5 30. N4g3 Rd8 31. Rc2 Rd1+ 32. Kf2 Rc5 33. Nc3 b5 34. Nge2 a5 35. b4 axb4 36. axb4 Rc4 37. Rb2 Ra1 38. Nxb5 Ra4 39. Nd6 Rcxb4 40. Nf7+ Kh5 41. Rxb4 Rxb4 42. g3 g5 43. h4 f4 44. g4+ Kxh4 45. Nd6 g6 46. Ne4 Rb2 47. Nc5 Ra2 48. Nd3 Rd2 49. Ne5 Rd6 50. Nc4 Rc6 51. Nd2 Rc2 52. Ne4 Rb2 53. Ke1 Rb1+ 54. Kd2 Rb2+ 55. Kd3 Rb1 56. Nd4 Ra1 57. Kc4 Rf1 58. Kd5 Rxf3 59. Nxf3+ Kxg4 60. Ne5+ Kh3 61. Nxg5+ Kg2 62. Nef3 Kf2 63. Ke4 Ke2 64. Kd4 Kf2 65. Ke5 Kg3 66. Ke4 Kf2 67. Nd4 f3 68. Ndxf3 Ke2 69. Nd4+ Kd2 70. Nb5 Ke2 71. Nc3+ Kd2 72. Kd4 Kc2 73. Kc4 Kd2 74. Nd5 Ke2 75. Kc3 Kd1 76. Nf4 Kc1 77. Nf3 g5 78. Ne2+ Kd1 79. Kd3 g4 80. Nc3+ Kc1 81. Nd2 g3 82. Nc4 g2 83. Ne2+ Kb1 84. Ng1 Ka2 85. Kc3 Kb1 86. Ne3 Ka2 87. Nc2 Kb1 88. Nb4 Kc1 89. Kd3 Kb2 90. Kc4 Kc1 91. Kc3 Kb1 92. Nd3 Ka2 93. Nb4+ Kb1 94. Kb3 Ka1 95. Ne2 g1Q 96. Nxg1 Kb1 1/2-1/2

[Event "Buenos Aires Carnival op"]
[Site "Buenos Aires"]
[Date "2023.02.19"]
[Round "3"]
[White "Romero Araya, Diego Alonso"]
[Black "Zamani, Andres"]
[Result "1-0"]
[WhiteElo "2222"]
[BlackElo "2023"]
[PlyCount "95"]
[EventDate "2023.02.18"]
[EventType "swiss"]
[EventRounds "7"]
[EventCountry "ARG"]
[SourceTitle "EXT 2024"]
[Source "ChessBase"]
[SourceDate "2023.10.10"]
[SourceVersion "1"]
[SourceVersionDate "2023.10.10"]
[SourceQuality "1"]

1. d4 Nf6 2. Nc3 d5 3. Bf4 Bf5 4. e3 e6 5. f3 h6 6. g4 Bg6 7. Bd3 Bxd3 8. Qxd3 a6 9. Nge2 Bd6 10. h4 Nc6 11. 0-0-0 Bxf4 12. Nxf4 Qd6 13. g5 Nd7 14. g6 f6 15. Nh5 Rg8 16. e4 0-0-0 17. exd5 exd5 18. Rde1 Nb6 19. Ne2 Nc4 20. c3 b5 21. Nef4 b4 22. Re6 Qd7 23. b3 bxc3 24. Qxc3 Nd6 25. Rhe1 Kb7 26. Nd3 Ka7 27. Qc5+ Kb8 28. Qxd5 Na7 29. Kb2 c6 30. Qc5 Nb7 31. Qb6 Nc8 32. Qxa6 Qxd4+ 33. Kc2 Rd5 34. R1e4 Qg1 35. Rb4 Rb5 36. Qxc6 Rxb4 37. Nxb4 Qxg6+ 38. Kc1 Qxh5 39. Na6+ Ka7 40. Qc7 Ncd6 41. Rxd6 Qxf3 42. Qb6+ Ka8 43. Kb2 Qe2+ 44. Ka3 Qe7 45. Nc7+ Kb8 46. Nb5 Kc8 47. Na7+ Kb8 48. Nc6+ 1-0

[Event "CHI-chT"]
[Site "Santiago de Chile"]
[Date "2019.09.26"]
[Round "3.1"]
[White "Aguirre Contreras, Cristian Rodrigo"]
[Black "Romero Araya, Diego Alonso"]
[Result "1/2-1/2"]
[WhiteElo "2245"]
[BlackElo "2212"]
[PlyCount "124"]
[EventDate "2019.09.05"]
[EventType "team-swiss"]
[EventRounds "9"]
[EventCountry "CHI"]
[SourceTitle "CBM 193 Extra"]
[Source "ChessBase"]
[SourceDate "2020.01.31"]
[SourceVersion "1"]
[SourceVersionDate "2020.01.31"]
[SourceQuality "1"]
[WhiteTeam "Sertal II"]
[BlackTeam "Chile CC Z"]
[WhiteTeamCountry "CHI"]
[BlackTeamCountry "CHI"]

1. e4 c6 2. Nf3 d5 3. Nc3 Bg4 4. h3 Bxf3 5. Qxf3 Nf6 6. d3 e6 7. a3 Nbd7 8. g4 h6 9. Bg2 Bc5 10. Bd2 Qc7 11. Qe2 0-0-0 12. f4 dxe4 13. Nxe4 Nxe4 14. Qxe4 Qb6 15. 0-0-0 Bd4 16. Bc3 Bxc3 17. bxc3 Nf6 18. Qe5 Rhg8 19. Rhe1 Qa6 20. Kd2 Nd7 21. Qe4 Rge8 22. Qb4 Nb6 23. Kc1 Nd5 24. Bxd5 cxd5 25. g5 Rd6 26. Qd4 hxg5 27. fxg5 f6 28. gxf6 gxf6 29. Qxf6 Qxa3+ 30. Kd2 d4 31. cxd4 Qa5+ 32. Ke3 Qh5 33. h4 Rd5 34. Kd2 Rf5 35. Qg7 Rf2+ 36. Kc1 Qa5 37. d5 e5 38. Qg4+ Kb8 39. Re2 Qa1+ 40. Kd2 Qa5+ 41. Kc1 Qa1+ 42. Kd2 Qa5+ 43. c3 Ref8 44. d6 Qa2+ 45. Ke3 Qf7 46. Rde1 Rf3+ 47. Kd2 Qa2+ 48. Kc1 Qa3+ 49. Kc2 Qa2+ 50. Kc1 Qa3+ 51. Kc2 Qxd6 52. Qe4 R8f5 53. Rb1 Qa6 54. Qd5 Qa4+ 55. Kd2 Qf4+ 56. Kc2 Qa4+ 57. Qb3 Qd7 58. Qb5 Qf7 59. Qb3 Qd7 60. Qb5 Qf7 61. Qb3 Qd7 62. Qb5 Qf7 1/2-1/2

[Event "CHI-chT"]
[Site "Santiago de Chile"]
[Date "2019.09.05"]
[Round "1.1"]
[White "Hennen Rodriguez, Julian"]
[Black "Romero Araya, Diego Alonso"]
[Result "0-1"]
[WhiteElo "1870"]
[BlackElo "2212"]
[PlyCount "62"]
[EventDate "2019.09.05"]
[EventType "team-swiss"]
[EventRounds "9"]
[EventCountry "CHI"]
[SourceTitle "CBM 193 Extra"]
[Source "ChessBase"]
[SourceDate "2020.01.31"]
[SourceVersion "1"]
[SourceVersionDate "2020.01.31"]
[SourceQuality "1"]
[WhiteTeam "Chile CC II"]
[BlackTeam "Chile CC Z"]
[WhiteTeamCountry "CHI"]
[BlackTeamCountry "CHI"]

1. e4 c6 2. Nc3 d5 3. Nf3 Bg4 4. d4 dxe4 5. Nxe4 e6 6. c3 Be7 7. Bd3 Nf6 8. Bg5 Nxe4 9. Bxe7 Nxc3 10. bxc3 Qxe7 11. 0-0 0-0 12. Re1 Nd7 13. Rb1 b6 14. c4 Rfd8 15. h3 Bxf3 16. Qxf3 Nf6 17. Qxc6 Rac8 18. Qa4 Rxd4 19. Rbd1 Rcd8 20. Be2 g6 21. g4 Ne4 22. Qb3 Qc5 23. Qf3 Kg7 24. h4 Nd2 25. Qc3 e5 26. Rc1 f5 27. gxf5 gxf5 28. Rc2 Kh8 29. Qh3 Rg8+ 30. Kh2 Rf4 31. Rf1 Rxf2+ 0-1

[Event "Santiago Honour Series"]
[Site "Santiago de Chile"]
[Date "2016.09.12"]
[Round "3.2"]
[White "Cortes Moyano, Julio"]
[Black "Romero Araya, Diego Alonso"]
[Result "0-1"]
[WhiteElo "2025"]
[BlackElo "2207"]
[PlyCount "47"]
[EventDate "2016.08.29"]
[EventType "swiss"]
[EventRounds "7"]
[EventCountry "CHI"]
[SourceTitle "EXT 2024"]
[Source "ChessBase"]
[SourceDate "2023.10.10"]
[SourceVersion "1"]
[SourceVersionDate "2023.10.10"]
[SourceQuality "1"]

1. e4 c6 2. d3 d5 3. Nd2 e5 4. Ngf3 Bd6 5. g3 Nf6 6. Bg2 0-0 7. 0-0 Be6 8. Re1 Qc7 9. b3 Nbd7 10. Bb2 Rfe8 11. Ng5 Bg4 12. Bf3 Bxf3 13. Ngxf3 Rad8 14. Qe2 b5 15. a4 h5 16. Qf1 Nf8 17. Re2 Ne6 18. Rc1 dxe4 19. dxe4 c5 20. c4 Nd4 21. Re3 Nxe4 22. Nxe5 Bxe5 23. Rxe4 Nf3+ 24. Kg2 0-1

[Event "Antofagasta Zicosur op 2nd"]
[Site "Antofagasta"]
[Date "2016.01.09"]
[Round "7"]
[White "Garmendia Vega, Gabriel"]
[Black "Romero Araya, Diego Alonso"]
[Result "1-0"]
[WhiteElo "2055"]
[BlackElo "2246"]
[PlyCount "79"]
[EventDate "2016.01.05"]
[EventType "swiss"]
[EventRounds "9"]
[EventCountry "CHI"]
[SourceTitle "CBM 170 Extra"]
[Source "ChessBase"]
[SourceDate "2016.02.25"]
[SourceVersion "1"]
[SourceVersionDate "2016.02.25"]
[SourceQuality "1"]

1. e4 c6 2. d4 d5 3. exd5 cxd5 4. c4 Nf6 5. Nc3 Nc6 6. Bg5 e6 7. c5 Be7 8. Bb5 0-0 9. Nf3 Ne4 10. Bxe7 Nxe7 11. Qc2 Qa5 12. Bd3 f5 13. 0-0 Nc6 14. a3 Qd8 15. b4 Qf6 16. Rfd1 g5 17. b5 g4 18. bxc6 gxf3 19. gxf3 Ng5 20. Kg2 Qxd4 21. h4 Qxh4 22. Rh1 Qf4 23. Rag1 Rf6 24. Kf1 Rg6 25. Ne2 Qxf3 26. Nd4 Qf4 27. Ne2 Qc7 28. f4 Ne4 29. Bxe4 dxe4 30. Qc3 Qg7 31. Qa5 Qe7 32. Rxg6+ hxg6 33. Qc3 e5 34. Qh3 Qg7 35. Qh4 Be6 36. cxb7 Rb8 37. c6 g5 38. fxg5 Kf7 39. g6+ Kg8 40. c7 1-0

[Event "Antofagasta Zicosur op 2nd"]
[Site "Antofagasta"]
[Date "2016.01.09"]
[Round "8"]
[White "Romero Araya, Diego Alonso"]
[Black "Oliva Olave, Carlos"]
[Result "1-0"]
[WhiteElo "2246"]
[BlackElo "2063"]
[PlyCount "109"]
[EventDate "2016.01.05"]
[EventType "swiss"]
[EventRounds "9"]
[EventCountry "CHI"]
[SourceTitle "CBM 170 Extra"]
[Source "ChessBase"]
[SourceDate "2016.02.25"]
[SourceVersion "1"]
[SourceVersionDate "2016.02.25"]
[SourceQuality "1"]

1. e4 d5 2. exd5 Qxd5 3. d4 e5 4. Nf3 Nc6 5. Nc3 Bb4 6. Bd2 Bxc3 7. Bxc3 e4 8. Ne5 Nxe5 9. dxe5 Ne7 10. Qh5 0-0 11. Rd1 Qc6 12. Bb4 Qe6 13. Qh4 Ng6 14. Qxe4 Re8 15. f4 Qg4 16. Rd4 Bf5 17. Qe3 Rad8 18. h3 Qh4+ 19. g3 Qh6 20. Bg2 Rc8 21. Bd2 Rb8 22. Kf2 Nf8 23. g4 Bd7 24. Rc4 Qa6 25. Rxc7 Rec8 26. Rxc8 Rxc8 27. Bc3 b5 28. a3 Qa4 29. Be4 a5 30. Rd1 b4 31. b3 Qb5 32. a4 Qb8 33. Bb2 Bc6 34. Rd6 Bxe4 35. Qxe4 Qc7 36. Rd2 Qe7 37. Kg3 Rd8 38. Rxd8 Qxd8 39. Qd3 Qa8 40. f5 Qh1 41. Bd4 Qe1+ 42. Kg2 h6 43. c4 Qc1 44. Qe3 Qc2+ 45. Kg3 h5 46. e6 fxe6 47. fxe6 Qg6 48. e7 Ne6 49. c5 hxg4 50. hxg4 Qf7 51. c6 Qxe7 52. Qe5 Kf7 53. Bb6 Qe8 54. Qd6 Ng5 55. Qd7+ 1-0

[Event "Antofagasta Zicosur op 2nd"]
[Site "Antofagasta"]
[Date "2016.01.08"]
[Round "6"]
[White "Romero Araya, Diego Alonso"]
[Black "Vergara Jofre, Felipe Andres"]
[Result "1/2-1/2"]
[WhiteElo "2246"]
[BlackElo "2114"]
[PlyCount "56"]
[EventDate "2016.01.05"]
[EventType "swiss"]
[EventRounds "9"]
[EventCountry "CHI"]
[SourceTitle "CBM 170 Extra"]
[Source "ChessBase"]
[SourceDate "2016.02.25"]
[SourceVersion "1"]
[SourceVersionDate "2016.02.25"]
[SourceQuality "1"]

1. e4 c5 2. Nf3 Nc6 3. d4 cxd4 4. Nxd4 Nf6 5. Nc3 e5 6. Ndb5 d6 7. Bg5 a6 8. Na3 b5 9. Bxf6 gxf6 10. Nd5 f5 11. Bd3 Be6 12. c3 Bxd5 13. exd5 Ne7 14. Nxb5 Bg7 15. Na3 0-0 16. 0-0 e4 17. Bc2 Rb8 18. Rb1 Qa5 19. Qh5 Qxd5 20. Bb3 Qc5 21. Rbd1 Rb6 22. Nc2 d5 23. Ne3 Rh6 24. Qg5 Qc7 25. h3 Rg6 26. Qh5 Rh6 27. Qg5 Rg6 28. Qh5 Rh6 1/2-1/2

[Event "Antofagasta Zicosur op 2nd"]
[Site "Antofagasta"]
[Date "2016.01.06"]
[Round "2"]
[White "Romero Araya, Diego Alonso"]
[Black "Tiviakov, Sergei"]
[Result "0-1"]
[WhiteElo "2246"]
[BlackElo "2611"]
[PlyCount "90"]
[EventDate "2016.01.05"]
[EventType "swiss"]
[EventRounds "9"]
[EventCountry "CHI"]
[SourceTitle "CBM 170 Extra"]
[Source "ChessBase"]
[SourceDate "2016.02.25"]
[SourceVersion "1"]
[SourceVersionDate "2016.02.25"]
[SourceQuality "1"]

1. e4 d5 2. exd5 Qxd5 3. d4 e5 4. Nc3 Bb4 5. Nge2 exd4 6. Qxd4 Qxd4 7. Nxd4 Nf6 8. Ndb5 Na6 9. Be3 0-0 10. a3 Ba5 11. f3 c6 12. Nd6 Nd5 13. Bd2 Bxc3 14. Bxc3 Nxc3 15. Bxa6 Na4 16. Nxc8 Raxc8 17. Bxb7 Rc7 18. Ba6 Nxb2 19. Kf2 Rd7 20. Rhe1 Rfd8 21. Rab1 Na4 22. Rb7 Kf8 23. Rxd7 Rxd7 24. Bd3 Rd5 25. Rb1 Nb6 26. Ke3 g6 27. Rb3 Ra5 28. c4 Ke7 29. Kd4 Kd6 30. h4 Nd7 31. Be2 Nc5 32. Rc3 Ne6+ 33. Ke3 Re5+ 34. Kd2 Nd4 35. Bd1 Kc5 36. f4 Re4 37. g3 h5 38. Kd3 Re1 39. Kd2 Rg1 40. Re3 Kxc4 41. Re7 Rg2+ 42. Ke1 Kd3 43. Ba4 c5 44. Rxa7 f5 45. Be8 Re2+ 0-1

[Event "CHI-ch"]
[Site "Santiago de Chile"]
[Date "2015.02.27"]
[Round "8"]
[White "Tapia Fuentes, Jaime"]
[Black "Romero Araya, Diego Alonso"]
[Result "1/2-1/2"]
[WhiteElo "2210"]
[BlackElo "2235"]
[PlyCount "78"]
[EventDate "2015.02.21"]
[EventType "swiss"]
[EventRounds "9"]
[EventCountry "CHI"]
[SourceTitle "CBM 165 Extra"]
[Source "ChessBase"]
[SourceDate "2015.04.21"]
[SourceVersion "1"]
[SourceVersionDate "2015.04.21"]
[SourceQuality "1"]

1. e4 c6 2. Nc3 d5 3. Nf3 Bg4 4. h3 Bxf3 5. Qxf3 Nf6 6. d3 e6 7. a3 Bc5 8. g3 0-0 9. Bg2 Nbd7 10. 0-0 Qc7 11. Kh2 Rad8 12. Qe2 dxe4 13. dxe4 e5 14. Bg5 h6 15. Bd2 Bd4 16. Nd1 Nc5 17. Rb1 Ne6 18. c3 Bb6 19. Ne3 Qd7 20. Rbd1 Qd3 21. Qxd3 Rxd3 22. Bc1 Rfd8 23. Rxd3 Rxd3 24. Nc4 Bc7 25. Re1 b5 26. Ne3 Nc5 27. Ng4 Nxg4+ 28. hxg4 Bb6 29. Bf1 Rd8 30. Kg2 Nb3 31. Be3 Bxe3 32. Rxe3 Rd2 33. Rd3 Rxb2 34. Rd8+ Kh7 35. Rd7 Rd2 36. Rxa7 Nc5 37. Rxf7 Nxe4 38. Rf5 Nxc3 39. Rxe5 Nd5 1/2-1/2

[Event "CHI-ch sf Centro"]
[Site "Santiago de Chile"]
[Date "2014.01.25"]
[Round "4"]
[White "Romero Araya, Diego Alonso"]
[Black "Vargas Maliqueo, Ivan Patricio"]
[Result "1-0"]
[WhiteElo "2239"]
[BlackElo "2174"]
[PlyCount "70"]
[EventDate "2014.01.22"]
[EventType "swiss"]
[EventRounds "7"]
[EventCountry "CHI"]
[SourceTitle "CBM 158 Extra"]
[Source "ChessBase"]
[SourceDate "2014.02.28"]
[SourceVersion "1"]
[SourceVersionDate "2014.02.28"]
[SourceQuality "1"]

1. e4 c5 2. Nf3 e6 3. d4 cxd4 4. Nxd4 Nc6 5. Nc3 Qc7 6. Be3 Nf6 7. Qd2 a6 8. 0-0-0 Bb4 9. f3 b5 10. Kb1 0-0 11. g4 Be7 12. h4 d6 13. h5 Nd7 14. Nxc6 Qxc6 15. Ne2 Bb7 16. Nd4 Qc7 17. g5 Nc5 18. Bh3 Rfe8 19. g6 Bf6 20. Rhg1 Rad8 21. Qf2 Na4 22. Bg5 Qe7 23. Qh4 Nc5 24. gxf7+ Kxf7 25. b4 Bxg5 26. Rxg5 h6 27. Qf4+ Kg8 28. Rg6 Kh7 29. Rdg1 Rg8 30. bxc5 dxc5 31. Nxe6 Rd1+ 32. Rxd1 c4 33. Rxh6+ gxh6 34. Bf5+ Rg6 35. Bxg6+ Kg8 1-0

[Event "CHI-ch sf Centro"]
[Site "Santiago de Chile"]
[Date "2014.01.24"]
[Round "3"]
[White "Pereira Cid, Fabian"]
[Black "Romero Araya, Diego Alonso"]
[Result "0-1"]
[WhiteElo "2027"]
[BlackElo "2239"]
[PlyCount "42"]
[EventDate "2014.01.22"]
[EventType "swiss"]
[EventRounds "7"]
[EventCountry "CHI"]
[SourceTitle "CBM 158 Extra"]
[Source "ChessBase"]
[SourceDate "2014.02.28"]
[SourceVersion "1"]
[SourceVersionDate "2014.02.28"]
[SourceQuality "1"]

1. e4 c6 2. d4 d5 3. e5 c5 4. Be3 Nc6 5. dxc5 Nxe5 6. Nc3 Nf6 7. Bd4 Ned7 8. Bb5 e6 9. c6 bxc6 10. Bxc6 Rb8 11. Rb1 Qc7 12. Bxd7+ Bxd7 13. Nf3 Bd6 14. Qe2 0-0 15. Be5 d4 16. Bxd4 e5 17. Be3 Qxc3+ 18. bxc3 Rxb1+ 19. Kd2 Rxh1 20. Qa6 Ne4+ 21. Ke2 Bb5+ 0-1

[Event "Santiago-ch sf"]
[Site "Santiago de Chile"]
[Date "2012.01.23"]
[Round "4.2"]
[White "Romero Araya, Diego Alonso"]
[Black "Valenzuela Gomez, Fernando Alberto"]
[Result "1-0"]
[WhiteElo "2265"]
[BlackElo "2153"]
[PlyCount "67"]
[EventDate "2012.01.21"]
[EventType "swiss"]
[EventRounds "9"]
[EventCountry "CHI"]
[SourceTitle "EXT 2024"]
[Source "ChessBase"]
[SourceDate "2023.10.10"]
[SourceVersion "1"]
[SourceVersionDate "2023.10.10"]
[SourceQuality "1"]

1. e4 c5 2. Nf3 d6 3. d4 cxd4 4. Nxd4 Nf6 5. Nc3 Bd7 6. Bc4 Nc6 7. Bb3 g6 8. f3 Na5 9. Be3 Bg7 10. Qd2 0-0 11. g4 Nxb3 12. axb3 a6 13. h4 h5 14. 0-0-0 b5 15. Nd5 hxg4 16. h5 Nxd5 17. exd5 e5 18. dxe6 fxe6 19. fxg4 d5 20. hxg6 Qf6 21. g5 Qxg6 22. Ne2 Rac8 23. Nf4 Qe4 24. Kb1 Qe5 25. Nd3 Qd6 26. Nf4 Qe5 27. Nd3 Qd6 28. g6 Be8 29. Bh6 Qc7 30. Rdg1 Bxh6 31. Rxh6 Qg7 32. Rh7 Qf6 33. g7 Kxh7 34. Qh2+ 1-0

[Event "Santiago Endesa 01"]
[Site "Santiago de Chile"]
[Date "2010.05.10"]
[Round "4"]
[White "Diaz Villagran, Robert"]
[Black "Romero Araya, Diego Alonso"]
[Result "1-0"]
[WhiteElo "2330"]
[BlackElo "2238"]
[PlyCount "53"]
[EventDate "2010.05.03"]
[EventType "tourn"]
[EventRounds "11"]
[EventCountry "CHI"]
[SourceTitle "EXT 2012"]
[Source "ChessBase"]
[SourceDate "2011.11.24"]
[SourceVersion "1"]
[SourceVersionDate "2011.11.24"]
[SourceQuality "1"]

1. Nf3 Nf6 2. g3 g6 3. Bg2 Bg7 4. 0-0 0-0 5. c4 d6 6. d3 Nc6 7. Nc3 e5 8. Rb1 h6 9. b4 Kh7 10. b5 Ne7 11. Bb2 Nd7 12. Nd2 f5 13. Nd5 Nf6 14. e3 Nexd5 15. cxd5 f4 16. Nc4 Bg4 17. f3 Bd7 18. e4 fxg3 19. hxg3 Nh5 20. Kh2 Bxb5 21. Bxe5 Bxe5 22. Nxe5 Qg5 23. Ng4 Bd7 24. Qc1 Qxc1 25. Rfxc1 c5 26. Rxb7 Rf7 27. Ne3 1-0

[Event "CHI-ch"]
[Site "Santiago de Chile"]
[Date "2010.02.28"]
[Round "13"]
[White "Romero Araya, Diego Alonso"]
[Black "Garcia Cardenas, Pablo"]
[Result "0-1"]
[WhiteElo "2273"]
[BlackElo "2324"]
[PlyCount "142"]
[EventDate "2010.02.18"]
[EventType "tourn"]
[EventRounds "13"]
[EventCountry "CHI"]
[EventCategory "2"]
[SourceTitle "CBM 135 Extra"]
[Source "ChessBase"]
[SourceDate "2010.05.04"]
[SourceVersion "1"]
[SourceVersionDate "2010.05.04"]
[SourceQuality "1"]

1. e4 d5 2. exd5 Qxd5 3. Nc3 Qd6 4. d4 Nf6 5. Nf3 c6 6. g3 g6 7. Bg2 Bg7 8. 0-0 0-0 9. h3 Nbd7 10. Re1 Re8 11. Qd3 Nb6 12. Bf4 Qd8 13. Be5 Bf5 14. Qe2 Qd7 15. Kh2 Rad8 16. Rad1 Qc8 17. g4 Be6 18. b3 h5 19. g5 Nfd5 20. Nxd5 Nxd5 21. Qd2 f6 22. Bg3 Bf7 23. c4 Nc7 24. Qa5 Ne6 25. Qxa7 fxg5 26. d5 cxd5 27. cxd5 Nf4 28. Nxg5 Nxg2 29. Kxg2 Bxd5+ 30. Kh2 Qf5 31. Qe3 Rc8 32. Qf4 Qxf4 33. Bxf4 e6 34. Be5 Rf8 35. Bxg7 Rxf2+ 36. Kg3 Rg2+ 37. Kf4 Kxg7 38. Nxe6+ Bxe6 39. Rxe6 Rf8+ 40. Ke3 Rxa2 41. Re7+ Kh6 42. Rd3 Rh2 43. Ke4 b5 44. Re3 Rf5 45. Re6 h4 46. Kd4 Rg2 47. R3e4 Kg5 48. b4 Rg3 49. Re3 Rxe3 50. Kxe3 Kh5 51. Rc6 g5 52. Rc5 Kg6 53. Rc6+ Rf6 54. Rc5 Rf5 55. Rc6+ Rf6 56. Rc5 Ra6 57. Kf3 Ra2 58. Rxb5 Rh2 59. Rb6+ Kh5 60. Rd6 Rxh3+ 61. Kg2 Rg3+ 62. Kh2 Rg4 63. b5 Rb4 64. b6 Kg4 65. Kg2 h3+ 66. Kh2 Rb2+ 67. Kg1 Kh4 68. Rc6 g4 69. Rd6 h2+ 70. Kh1 Kh3 71. Rd1 g3 0-1

[Event "CHI-ch"]
[Site "Santiago de Chile"]
[Date "2010.02.23"]
[Round "7"]
[White "Romero Araya, Diego Alonso"]
[Black "Mesias Rojas, Rabindranath"]
[Result "1/2-1/2"]
[WhiteElo "2273"]
[BlackElo "2168"]
[PlyCount "165"]
[EventDate "2010.02.18"]
[EventType "tourn"]
[EventRounds "13"]
[EventCountry "CHI"]
[EventCategory "2"]
[SourceTitle "CBM 135 Extra"]
[Source "ChessBase"]
[SourceDate "2010.05.04"]
[SourceVersion "1"]
[SourceVersionDate "2010.05.04"]
[SourceQuality "1"]

1. e4 e5 2. Nf3 Nf6 3. Nxe5 d6 4. Nf3 Nxe4 5. d4 d5 6. Bd3 Nc6 7. 0-0 Be7 8. c4 Nb4 9. Be2 0-0 10. Nc3 Bf5 11. a3 Nxc3 12. bxc3 Nc6 13. Re1 Re8 14. Bf4 dxc4 15. Bxc4 Bd6 16. Rxe8+ Qxe8 17. Ng5 Bg6 18. Bxd6 cxd6 19. h4 Qe7 20. Qg4 h6 21. Nh3 Qe4 22. Qxe4 Bxe4 23. Re1 Bf5 24. Nf4 Kf8 25. f3 Rc8 26. g4 Bd7 27. Rb1 Na5 28. Bb5 Bxb5 29. Rxb5 b6 30. Ne2 Rc4 31. Rb4 Rc8 32. Kf2 Ke7 33. Ke3 d5 34. Kd3 Kd6 35. Ng3 g6 36. a4 Re8 37. Rb2 Re3+ 38. Kxe3 Nc4+ 39. Kd3 Nxb2+ 40. Kc2 Nxa4 41. Kb3 b5 42. Kb4 a6 43. Ne2 Kc6 44. Nf4 Nb2 45. h5 gxh5 46. Nxh5 Nc4 47. Nf6 a5+ 48. Kb3 Nd2+ 49. Kc2 Nxf3 50. Ng8 Nh2 51. Nxh6 f6 52. Kb3 Kd7 53. Ka3 Ke6 54. Kb3 Nf1 55. Nf5 Nd2+ 56. Kc2 Ne4 57. Ng7+ Kd7 58. Nf5 Nf2 59. Ne3 Kc6 60. Kb3 Ne4 61. Nf5 Kd7 62. Ne3 Ke6 63. Nf5 Nd2+ 64. Kc2 Nc4 65. Kb3 Kf7 66. Kc2 a4 67. Kb1 Ke6 68. Kc2 Kd7 69. Kb1 Nd6 70. Ne3 Kc6 71. Kc2 Ne4 72. Kb2 Ng5 73. Nf5 Ne4 74. Ne3 a3+ 75. Kxa3 Nxc3 76. Kb4 Ne2 77. Nf5 Nf4 78. Ne7+ Kd6 79. Ng8 Ne2 80. Nxf6 Nxd4 81. g5 Ke6 82. Kc5 Nb3+ 83. Kxb5 1/2-1/2

[Event "CHI-ch"]
[Site "Santiago de Chile"]
[Date "2010.02.20"]
[Round "4"]
[White "Romero Araya, Diego Alonso"]
[Black "Carrasco Miranda, Andres"]
[Result "1/2-1/2"]
[WhiteElo "2273"]
[BlackElo "2183"]
[PlyCount "82"]
[EventDate "2010.02.18"]
[EventType "tourn"]
[EventRounds "13"]
[EventCountry "CHI"]
[EventCategory "2"]
[SourceTitle "CBM 135 Extra"]
[Source "ChessBase"]
[SourceDate "2010.05.04"]
[SourceVersion "1"]
[SourceVersionDate "2010.05.04"]
[SourceQuality "1"]

1. e4 c5 2. Nf3 Nc6 3. Bc4 e6 4. 0-0 d5 5. exd5 exd5 6. Re1+ Be7 7. Bb5 Nf6 8. d4 0-0 9. Bxc6 bxc6 10. Ne5 Bd7 11. Bg5 Re8 12. dxc5 Rb8 13. Nd2 Bxc5 14. Nb3 Be7 15. Qf3 h6 16. Bh4 Rb4 17. Bg3 Qc8 18. Re2 Be6 19. Qc3 c5 20. Nd3 Re4 21. Nf4 Rxe2 22. Nxe2 Ne4 23. Qa5 Qb7 24. Nc3 Nxg3 25. hxg3 Qb6 26. Rd1 Rd8 27. Na4 Qxa5 28. Nxa5 Rc8 29. Nb3 d4 30. Na5 Bd7 31. b3 Bxa4 32. bxa4 Rb8 33. Nc6 Rb7 34. Rd3 Bd6 35. Rb3 Rc7 36. Na5 c4 37. Rb1 Rc5 38. Nb7 Rc6 39. Nxd6 Rxd6 40. Kf1 Rb6 41. Rb5 Kf8 1/2-1/2

[Event "Santiago Endesa Norm"]
[Site "Santiago de Chile"]
[Date "2009.10.05"]
[Round "7"]
[White "Romero Araya, Diego Alonso"]
[Black "Diaz Villagran, Robert"]
[Result "1-0"]
[WhiteElo "2286"]
[BlackElo "2281"]
[PlyCount "159"]
[EventDate "2009.09.21"]
[EventType "tourn"]
[EventRounds "9"]
[EventCountry "CHI"]
[SourceTitle "EXT 2012"]
[Source "ChessBase"]
[SourceDate "2011.11.24"]
[SourceVersion "1"]
[SourceVersionDate "2011.11.24"]
[SourceQuality "1"]

1. e4 e5 2. Nf3 Nc6 3. Bb5 a6 4. Ba4 Nf6 5. 0-0 Be7 6. Re1 b5 7. Bb3 d6 8. c3 0-0 9. h3 Na5 10. Bc2 c5 11. d4 Qc7 12. Nbd2 cxd4 13. cxd4 Bb7 14. d5 Rac8 15. Bb1 Nh5 16. Nf1 Nf4 17. Kh2 Nc4 18. g3 Ng6 19. Bd3 Nb6 20. Ne3 Rfe8 21. Bd2 Na4 22. Rb1 Bf8 23. Qe2 Ne7 24. Rec1 Qb6 25. b3 Nc5 26. Bc2 Rc7 27. a4 Bc8 28. Qe1 Qb8 29. Bb4 Ng6 30. axb5 axb5 31. Ra1 Bd7 32. Ba5 Rcc8 33. b4 Na6 34. Bd3 f6 35. h4 Nh8 36. Qe2 Nf7 37. Nc2 Qb7 38. Na3 Rb8 39. Rc3 Be7 40. Nd2 Bd8 41. Nb3 Nc7 42. Rac1 Na8 43. Bxd8 Nxd8 44. Na5 Qb6 45. Nc6 Bxc6 46. dxc6 Nc7 47. Nxb5 Nxb5 48. Bxb5 Qxb5 49. Qxb5 Rxb5 50. c7 Ne6 51. c8Q Rxc8 52. Rxc8+ Kf7 53. R1c4 Kg6 54. R8c6 Nd4 55. Rxd6 Rb7 56. Rd5 Ra7 57. Rdxd4 exd4 58. Rxd4 Ra2 59. Kg2 Rb2 60. Kf3 h5 61. Ke3 Kh6 62. f3 g5 63. hxg5+ fxg5 64. e5 Kg6 65. f4 Kf5 66. fxg5 Kxe5 67. Rf4 h4 68. Rxh4 Rb3+ 69. Kf2 Kf5 70. Rc4 Kxg5 71. g4 Kf6 72. Ke2 Ke5 73. Kd2 Kd5 74. Rf4 Ke5 75. Kc2 Rg3 76. Rc4 Ke6 77. b5 Kd5 78. Rb4 Kc5 79. b6 Rxg4 80. Rxg4 1-0